KOHA-Header-6

An Introduction To Desktop (Record no. 6733)

000 -LEADER
fixed length control field 00255nam a2200109Ia 4500
100 ## - MAIN ENTRY--AUTHOR NAME
Personal name Elaine Malfas
245 #3 - TITLE STATEMENT
Title An Introduction To Desktop
260 ## - PUBLICATION, DISTRIBUTION, ETC. (IMPRINT)
Place of publication New York
Name of publisher CRC
Year of publication 1998
300 ## - PHYSICAL DESCRIPTION
Number of Pages 350
942 ## - ADDED ENTRY ELEMENTS (KOHA)
Koha item type Books
Holdings
Withdrawn status Lost status Collection code Permanent Location Current Location Shelving location Date acquired Full call number Accession Number Koha item type
    Computer Science MAJU MAJU Shelf No.A16 2019-09-11 006.3 153 Computer Science

Powered by Koha